Online
Catalog

Alas rotas / (Record no. 23667)

MARC details
000 -CABECERA
campo de control de longitud fija 01068nam a2200325 a 4500
001 - NÚMERO DE CONTROL
campo de control 000024173
003 - IDENTIFICADOR DEL NÚMERO DE CONTROL
campo de control OSt
005 - FECHA Y HORA DE LA ÚLTIMA TRANSACCIÓN
campo de control 20200930022759.0
008 - DATOS DE LONGITUD FIJA--INFORMACIÓN GENERAL
campo de control de longitud fija 110119s1999 sp r 000 f spa d
020 ## - NÚMERO INTERNACIONAL ESTÁNDAR DEL LIBRO
Número Internacional Estándar del Libro 8489163693
040 ## - FUENTE DE LA CATALOGACIÓN
Centro catalogador/agencia de origen DO-SdBNP
Lengua de catalogación spa
Centro/agencia transcriptor BNPHU
082 ## - NÚMERO DE LA CLASIFICACIÓN DECIMAL DEWEY
Número de clasificación 892.33
Número de documento/Ítem G447a
100 1# - ENTRADA PRINCIPAL--NOMBRE DE PERSONA
Nombre de persona Gibran, Khalil,
Fechas asociadas al nombre 1883-1931
9 (RLIN) 49639
240 10 - TÍTULO UNIFORME
Título uniforme Ajnebat al mukasara.
Lenguaje de la obra Español
245 10 - MENCIÓN DE TÍTULO
Título Alas rotas /
Mención de responsabilidad, etc. Khalil Gibran; traducción de Ángeles F. Rubio.
260 ## - PUBLICACIÓN, DISTRIBUCIÓN, ETC.
Lugar de publicación, distribución, etc. Madrid, España :
Nombre del editor, distribuidor, etc. JM, Ediciones:,
Fecha de publicación, distribución, etc. 1999.
300 ## - DESCRIPCIÓN FÍSICA
Extensión 90 p. ;
Dimensiones 19 cm.
490 1# - MENCIÓN DE SERIE
Mención de serie Clásicos Universales ;
Designación de volumen o secuencia 34 ;
500 ## - NOTA GENERAL
Nota general Incluye lista de los títulos de la colección
534 ## - NOTA SOBRE LA VERSIÓN ORIGINAL
Encabezamiento principal del original Título original :
Mención de título del original Ajnebat al mukasara
590 ## - NOTA LOCAL (RLIN)
Nota local Inventariado, 2020/ YL
650 #4 - PUNTO DE ACCESO ADICIONAL DE MATERIA--TÉRMINO DE MATERIA
Término de materia o nombre geográfico como elemento de entrada Novela libanesa
9 (RLIN) 47647
650 #4 - PUNTO DE ACCESO ADICIONAL DE MATERIA--TÉRMINO DE MATERIA
Término de materia o nombre geográfico como elemento de entrada Novela amorosa
9 (RLIN) 13334
650 #4 - PUNTO DE ACCESO ADICIONAL DE MATERIA--TÉRMINO DE MATERIA
Término de materia o nombre geográfico como elemento de entrada Literatura libanesa
9 (RLIN) 27514
700 1# - PUNTO DE ACCESO ADICIONAL--NOMBRE DE PERSONA
Nombre de persona Rubio, Ángeles F.
Término indicativo de función/relación tr.
9 (RLIN) 49640
710 2# - PUNTO DE ACCESO ADICIONAL--NOMBRE DE ENTIDAD CORPORATIVA
Nombre de entidad corporativa o nombre de jurisdicción como elemento de entrada Jorge A. Mestas, Ediciones Escolares
9 (RLIN) 49641
830 ## - PUNTO DE ACCESO ADICIONAL DE SERIE-TÍTULO UNIFORME
Título uniforme Clásicos universales
Número de parte o sección de la obra 34
9 (RLIN) 76700
910 ## - DATOS DE OPCIÓN DEL USUARIO (OCLC)
Datos de opción del usuario En proceso
942 ## - ELEMENTOS DE PUNTO DE ACCESO ADICIONAL (KOHA)
Fuente del sistema de clasificación o colocación Dewey Decimal Classification
Tipo de ítem Koha Libros y folletos
Holdings
Estado de retiro Estado de pérdida Fuente del sistema de clasificación o colocación No para préstamo Código de colección Localización permanente Ubicación/localización actual Ubicación en estantería Fecha de adquisición Fuente de adquisición Número de inventario Total de préstamos Signatura topográfica completa Código de barras Fecha visto por última vez Precio válido a partir de Tipo de ítem Koha Restricciones de uso Número de copia
    Dewey Decimal Classification Excluido de préstamo Monografías: Libros y Folletos General General En catalogación 27.01.2011 Donación LF1   892.33 G447a 24173-10 25.06.2020 25.06.2020 Préstamo en sala    
  Extraviado Dewey Decimal Classification Excluido de préstamo Monografías: Libros y Folletos General General Extraviado 11.04.2017   LF1   892.33 G447a 24173-20 25.06.2020 25.06.2020 No se presta   e. 2

Powered by Koha